00183nam a2200073Ia 4500008004100000082000800041100002200049245003800071240331s9999 xx 000 0 und d bJAY aJayawardena, K.P  0aWomen and governance in Sri Lanka